00405nam a22000977a 4500008004100000082001700041100000800058245019700066260003500263300000900298230612b xxu||||| |||| 00| 0 eng d a354.676bGOK cGOK a2009/2010 District Allocation Budget of the ministry of state for provincial Administration and Internal Securitybfor the year Ending 30th June 2010cVote R01 and D01hOffice of the President aNairobi, KenyabGOKcJune 2010 a143p